Statistics for Name a U.S. City - A-Z

Click here to take the quiz!

General Stats

  • This quiz has been taken 794 times
  • The average score is 17 of 22

Answer Stats

LetterCity% Correct
BBoston
95%
DDallas
95%
AAustin
94%
CChicago
94%
NNew York
93%
SSan Antonio
92%
LLos Angeles
91%
PPhoenix
88%
MMemphis
86%
HHouston
84%
WWashington
83%
OOklahoma City
80%
TTucson
76%
IIndianapolis
74%
JJacksonville
70%
KKansas City
69%
RRaleigh
69%
FFort Worth
63%
EEl Paso
60%
GGreensboro
46%
VVirginia Beach
43%
YYonkers
27%

Score Distribution

Percentile by Number Answered

Percent of People with Each Score

Your Score History

You have not taken this quiz